[Event "Presolana op 35th"]
[Site "Presolana"]
[Date "2015.08.26"]
[Round "4"]
[White "Di Paolo, Marco"]
[Black "Pirrello, Christian"]
[Result "1-0"]
[WhiteElo "1908"]
[BlackElo "1917"]
[PlyCount "103"]
[EventDate "2015.08.23"]
[EventType "swiss"]
[EventRounds "8"]
[EventCountry "ITA"]
[SourceTitle "EXT 2024"]
[Source "ChessBase"]
[SourceDate "2023.10.10"]
[SourceVersion "1"]
[SourceVersionDate "2023.10.10"]
[SourceQuality "1"]

1. e4 c6 2. Nc3 d5 3. d4 dxe4 4. Nxe4 Nd7 5. Nf3 Ngf6 6. Ng3 e6 7. Bd3 c5 8. c3 cxd4 9. Nxd4 Bc5 10. Nb3 Be7 11. Qe2 0-0 12. Bc2 Qc7 13. Bg5 h6 14. Be3 b6 15. 0-0-0 Nc5 16. Rd2 Ba6 17. Qd1 Rfd8 18. Kb1 Rxd2 19. Qxd2 Nxb3 20. axb3 Rd8 21. Qc1 Ng4 22. Bf4 e5 23. Be3 Nxe3 24. Qxe3 Bg5 25. Qe4 g6 26. Re1 Bf4 27. h4 Bb7 28. Qe2 Rd2 29. Qf1 Bxg3 30. fxg3 Rxg2 31. h5 Rxg3 32. hxg6 fxg6 33. Qf6 Qg7 34. Qe6+ Kh7 35. Rd1 Bc8 36. Qxc8 Rf3 37. Rg1 Rf6 38. Qe8 h5 39. Ka2 Rd6 40. Rg5 Kh6 41. Rxe5 h4 42. Re7 Qf6 43. Rf7 Qe6 44. Qf8+ Kg5 45. Rf2 h3 46. Qf4+ Kh5 47. Rh2 Rd5 48. Qf3+ Kh4 49. Qf4+ Kh5 50. Bd1+ Rxd1 51. Qf3+ Qg4 52. Rxh3+ 1-0

[Event "Politiken Cup 28th"]
[Site "Copenhagen"]
[Date "2006.07.30"]
[Round "9"]
[White "Nielsen, Palle"]
[Black "Di Paolo, Marco"]
[Result "1/2-1/2"]
[WhiteElo "1873"]
[BlackElo "2060"]
[PlyCount "49"]
[EventDate "2006.07.22"]
[EventType "swiss"]
[EventRounds "9"]
[EventCountry "DEN"]
[SourceTitle "CBM 113 Extra"]
[Source "ChessBase"]
[SourceDate "2006.09.14"]
[SourceVersion "1"]
[SourceVersionDate "2006.09.14"]
[SourceQuality "1"]

1. e4 e6 2. b3 d5 3. exd5 exd5 4. Bb2 Be6 5. g3 Nf6 6. d3 Be7 7. Bh3 Bb4+ 8. c3 Qe7 9. Bxe6 Qxe6+ 10. Qe2 Bd6 11. Qxe6+ fxe6 12. f4 e5 13. fxe5 Bxe5 14. Nf3 Nbd7 15. Nbd2 0-0-0 16. 0-0-0 Rhf8 17. Rde1 Bd6 18. Nd4 Ne5 19. Kc2 Rfe8 20. Rhf1 c5 21. Nf5 Bf8 22. d4 cxd4 23. Nxd4 Kd7 24. h3 a6 25. g4 1/2-1/2

[Event "Eger Agria op"]
[Site "Eger"]
[Date "2005.07.29"]
[Round "6"]
[White "Cako, Laszlo"]
[Black "Di Paolo, Marco"]
[Result "1-0"]
[WhiteElo "2170"]
[BlackElo "2052"]
[PlyCount "75"]
[EventDate "2005.07.18"]
[EventType "swiss"]
[EventRounds "9"]
[EventCountry "HUN"]
[SourceTitle "EXT 2008"]
[Source "ChessBase"]
[SourceDate "2007.11.25"]
[SourceVersion "1"]
[SourceVersionDate "2007.11.25"]
[SourceQuality "1"]

1. e4 c5 2. Nf3 d6 3. d4 cxd4 4. Nxd4 Nf6 5. Nc3 g6 6. Be3 Bg7 7. f3 0-0 8. Qd2 Nc6 9. 0-0-0 Bd7 10. g4 Rc8 11. h4 Ne5 12. h5 Nxf3 13. Nxf3 Bxg4 14. Be2 Bxh5 15. Nd4 Rxc3 16. Qxc3 Nxe4 17. Qe1 Bxe2 18. Nxe2 h5 19. Qb4 d5 20. Rdg1 Qd7 21. Ng3 Nf6 22. Bd4 a5 23. Qxa5 Rc8 24. b3 Bh6+ 25. Kb1 Kh7 26. Bxf6 exf6 27. Rg2 Bg5 28. Qb4 Qc7 29. Nxh5 gxh5 30. Qg4 Kg6 31. Qxh5+ Kf5 32. Re1 Qc5 33. Qh7+ Kf4 34. Rf1+ Ke5 35. Re2+ Kd6 36. Qxf7 Kc6 37. Re6+ Kb5 38. Qxb7+ 1-0

[Event "Eger Agria op"]
[Site "Eger"]
[Date "2005.07.28"]
[Round "5"]
[White "Di Paolo, Marco"]
[Black "Karrer, Peter"]
[Result "1-0"]
[WhiteElo "2052"]
[BlackElo "1982"]
[PlyCount "119"]
[EventDate "2005.07.18"]
[EventType "swiss"]
[EventRounds "9"]
[EventCountry "HUN"]
[SourceTitle "EXT 2008"]
[Source "ChessBase"]
[SourceDate "2007.11.25"]
[SourceVersion "1"]
[SourceVersionDate "2007.11.25"]
[SourceQuality "1"]

1. e4 c5 2. Nc3 Nc6 3. f4 e6 4. Nf3 d5 5. Bb5 dxe4 6. Nxe4 Bd7 7. Qe2 a6 8. Bxc6 Bxc6 9. 0-0 Be7 10. d3 Nh6 11. b3 0-0 12. Bb2 Nf5 13. Rae1 Rc8 14. Neg5 Bxg5 15. Nxg5 Nd4 16. Qg4 h6 17. Nh3 Nf5 18. Re5 Qh4 19. Nf2 Qxg4 20. Nxg4 b6 21. Nf2 Rfd8 22. g4 Nd4 23. Bxd4 Rxd4 24. f5 exf5 25. gxf5 Rd5 26. Rxd5 Bxd5 27. Re1 Kf8 28. Ng4 Re8 29. Rxe8+ Kxe8 30. f6 g6 31. Nxh6 Bf3 32. Kf2 Bd1 33. c3 Bc2 34. Ke3 Kd7 35. Nxf7 Ke6 36. Ng5+ Kxf6 37. Ne4+ Ke5 38. Nf2 b5 39. b4 cxb4 40. cxb4 Bb1 41. a3 Ba2 42. Ne4 Be6 43. Nc5 Bc8 44. h4 Kf5 45. Kf3 Ke5 46. Kg3 Bf5 47. Kf3 Bc8 48. Nb3 Bb7+ 49. Ke3 Bc8 50. Nc5 Kf5 51. Kf3 Ke5 52. Nb3 Kf5 53. d4 Bb7+ 54. Kg3 Bc8 55. Nc5 g5 56. hxg5 Kxg5 57. Ne4+ Kg6 58. Kf4 Bh3 59. Ke5 Kf7 60. Ng5+ 1-0

[Event "San Martino op 4th"]
[Site "San Martino di Castrozza"]
[Date "2003.07.05"]
[Round "6"]
[White "Di Paolo, Marco"]
[Black "Roversi, Stefano"]
[Result "1-0"]
[WhiteElo "2060"]
[BlackElo "2015"]
[PlyCount "145"]
[EventDate "2003.06.30"]
[EventType "swiss"]
[EventRounds "7"]
[EventCountry "ITA"]
[SourceTitle "EXT 2004"]
[Source "ChessBase"]
[SourceDate "2003.11.25"]
[SourceVersion "1"]
[SourceVersionDate "2003.11.25"]
[SourceQuality "1"]

1. e4 c5 2. Nc3 Nc6 3. f4 d6 4. Nf3 a6 5. a4 Nf6 6. Bc4 e6 7. Qe2 Be7 8. e5 dxe5 9. fxe5 Nd7 10. d3 Nb6 11. Bb3 Nd4 12. Nxd4 Qxd4 13. Qe4 0-0 14. Be3 Qxe4 15. Nxe4 Nd7 16. Bf4 Rd8 17. a5 b5 18. axb6 Nxb6 19. 0-0 Bb7 20. Ng5 Bxg5 21. Bxg5 Rd4 22. h3 Rc8 23. Rf2 c4 24. Be3 Rd5 25. Ba2 Rb5 26. Bxb6 Rxb6 27. Bxc4 Rxb2 28. Ra2 Rb1+ 29. Kh2 Re1 30. Bxa6 Ra8 31. Bc4 Rxa2 32. Bxa2 Rxe5 33. c4 g6 34. Rb2 Bc6 35. Bb1 Kf8 36. Rd2 Ke7 37. Bc2 Rc5 38. Bd1 Kd6 39. Kg3 Rg5+ 40. Kh2 Kc5 41. h4 Rf5 42. Bg4 Rf4 43. Kg3 Rf1 44. d4+ Kb4 45. d5 exd5 46. cxd5 Kc3 47. dxc6 Kxd2 48. c7 Rc1 49. c8Q Rxc8 50. Bxc8 Ke3 51. Kg4 Kf2 52. Bb7 f6 53. h5 Ke3 54. Bf3 Kd4 55. Bc6 Ke5 56. Be8 g5 57. Bd7 h6 58. Bf5 Kd4 59. Kf3 Ke5 60. g4 Kd4 61. Bg6 Ke5 62. Ke3 Kd5 63. Kd3 Ke5 64. Kc4 Ke6 65. Kc5 Ke5 66. Kc6 Ke6 67. Bf5+ Ke7 68. Kc7 Kf7 69. Kd7 Kf8 70. Ke6 Kg7 71. Ke7 Kh8 72. Kxf6 Kg8 73. Kg6 1-0

[Event "San Martino op 4th"]
[Site "San Martino di Castrozza"]
[Date "2003.07.04"]
[Round "5"]
[White "Di Paolo, Marco"]
[Black "De Carolis, Maurizio"]
[Result "0-1"]
[WhiteElo "2060"]
[BlackElo "1864"]
[PlyCount "54"]
[EventDate "2003.06.30"]
[EventType "swiss"]
[EventRounds "7"]
[EventCountry "ITA"]
[SourceTitle "EXT 2004"]
[Source "ChessBase"]
[SourceDate "2003.11.25"]
[SourceVersion "1"]
[SourceVersionDate "2003.11.25"]
[SourceQuality "1"]

1. e4 Nf6 2. Nc3 d5 3. exd5 Nxd5 4. Bc4 Nxc3 5. Bxf7+ Kxf7 6. Qf3+ Ke8 7. dxc3 Nc6 8. Bf4 e5 9. Qe4 Qf6 10. Bg3 Bf5 11. Qe2 Bd6 12. Nf3 Bg4 13. 0-0-0 Rf8 14. Rd3 Bxf3 15. Rxf3 Qh6+ 16. Kb1 Rxf3 17. Qxf3 Qf6 18. Qe4 Qg6 19. Qd5 Kd7 20. Rd1 Qe6 21. Qe4 g6 22. c4 Ke8 23. f4 Kf8 24. fxe5 Bxe5 25. Re1 Re8 26. Qe3 Qf7 27. Qc5+ Kg7 0-1

[Event "San Martino op 4th"]
[Site "San Martino di Castrozza"]
[Date "2003.06.30"]
[Round "1"]
[White "Di Paolo, Marco"]
[Black "Naumkin, Igor"]
[Result "0-1"]
[WhiteElo "2060"]
[BlackElo "2431"]
[PlyCount "50"]
[EventDate "2003.06.30"]
[EventType "swiss"]
[EventRounds "7"]
[EventCountry "ITA"]
[SourceTitle "EXT 2004"]
[Source "ChessBase"]
[SourceDate "2003.11.25"]
[SourceVersion "1"]
[SourceVersionDate "2003.11.25"]
[SourceQuality "1"]

1. e4 e5 2. Nc3 Nc6 3. Bc4 Nf6 4. d3 Bb4 5. Nge2 d5 6. exd5 Nxd5 7. 0-0 Bxc3 8. Nxc3 Nxc3 9. bxc3 0-0 10. Re1 a6 11. a4 Re8 12. Rb1 Rb8 13. Qh5 Be6 14. Bg5 Qd7 15. Re4 Bxc4 16. Rxc4 Qf5 17. Qg4 Qg6 18. Be3 Qxg4 19. Rxg4 b5 20. axb5 axb5 21. Bh6 g6 22. Re4 f6 23. h3 Kf7 24. Kf1 g5 25. h4 Kg6 0-1